000 00542nam a2200217Ia 4500
003 OSt
005 20251209153900.0
008 240925s9999 xx 000 0 und d
020 _aNA
040 _cAACR2
082 _a333.5HAF
100 _aHafeez - ur - Rahman
245 0 _aCommentary on: SINDH rented premises ordinance ,1979
250 _aNA
260 _aKarachi:
_bPioneer Book hous
_c,2007.
300 _axxii,340p.
_bNA
_fOriginal
500 _aNA
600 _aSocial Sciences
650 _aSocial Sciences
942 _cBK
_2ddc
999 _c9559
_d9559